[Event "Peiraikos 60th Anniv op"]
[Site "Piraeus"]
[Date "2006.09.07"]
[Round "6"]
[White "Tsalamangakis, Ilias"]
[Black "Frangou, Eleni"]
[Result "0-1"]
[WhiteElo "1000"]
[BlackElo "1130"]
[PlyCount "36"]
[EventDate "2006.09.02"]
[EventType "swiss"]
[EventRounds "7"]
[EventCountry "GRE"]
[SourceTitle "EXT 2008"]
[Source "ChessBase"]
[SourceDate "2007.11.25"]
[SourceVersion "1"]
[SourceVersionDate "2007.11.25"]
[SourceQuality "1"]

1. e4 c5 2. Nc3 a6 3. Bc4 b5 4. Bd5 Ra7 5. e5 e6 6. Be4 Ne7 7. d4 cxd4 8. Qxd4 Nbc6 9. Qd1 Nxe5 10. Bf4 N7c6 11. Be3 Rb7 12. Bd4 d5 13. Bxe5 Nxe5 14. Bd3 Bb4 15. Qd2 d4 16. Qe2 dxc3 17. Rb1 Nxd3+ 18. cxd3 c2+ 0-1

[Event "Peiraikos 60th Anniv op"]
[Site "Piraeus"]
[Date "2006.09.03"]
[Round "2"]
[White "Tsalamangakis, Ilias"]
[Black "Poulopoulos, Ioannis"]
[Result "0-1"]
[WhiteElo "1000"]
[BlackElo "1010"]
[PlyCount "52"]
[EventDate "2006.09.02"]
[EventType "swiss"]
[EventRounds "7"]
[EventCountry "GRE"]
[SourceTitle "EXT 2008"]
[Source "ChessBase"]
[SourceDate "2007.11.25"]
[SourceVersion "1"]
[SourceVersionDate "2007.11.25"]
[SourceQuality "1"]

1. e4 e5 2. Nf3 Nc6 3. Bb5 Nf6 4. 0-0 Be7 5. Re1 0-0 6. c3 d5 7. exd5 Qxd5 8. c4 Qd8 9. Bxc6 bxc6 10. Nxe5 Bb7 11. d4 Bd6 12. Bf4 Re8 13. Nc3 Nd7 14. Qd2 Bxe5 15. Bxe5 Nxe5 16. Re3 Nxc4 17. Rxe8+ Qxe8 18. Qc2 Qe7 19. b3 Re8 20. Kf1 Na3 21. Qd3 c5 22. d5 Qe5 23. Qd2 Ba6+ 24. Kg1 Nb5 25. d6 Qxc3 26. d7 Qxa1+ 0-1